000
00461nam a2200169Ia 4500
008
090711s9999 xx 000 0 und d
082
_b
65112
100
_a
बांदोडकर व. पु.
245
_a
नम्रता
260
_c
1989
300
_a
175
600
_a
बांदोडकर व. पु.
630
_a
नम्रता
700
_a
बांदोडकर व. पु.
730
_a
नम्रता
942
_c
BOOK
999
_c
297840
_d
297840